00377nam a2200109Ia 4500008004100000020002200041082001600063100003700079245009000116260004800206300001300254191014s9999 xx 000 0 und d a978-981-4612-19-7 a530.11bJAN aRobert T.Jantzen, Kjell Rosquist 0aProceedings of the Thirteenth Marcel Grossmann Meeting on General Relativity (Part B) aNew JerseybWorld Scientific Company c2015 aLxi,1740